[Event "12. Open de la Constitución"]
[Site "S. Sebastian de los Reyes ESP"]
[Date "2010.12.01"]
[Round "2.8"]
[White "Vidaurre, Luis Alberto"]
[Black "Cardenas Serrano, Sergio"]
[Result "0-1"]
[WhiteElo "1856"]
[BlackElo "2124"]
[PlyCount "82"]
[EventDate "2010.11.30"]
[EventType "swiss"]
[EventRounds "9"]
[EventCountry "ESP"]
[Source "lmi"]
[SourceDate "2010.11.30"]

1. d4 Nf6 2. Nf3 g6 3. e3 Bg7 4. Be2 O-O 5. O-O d6 6. b3 c5 7. Bb2 cxd4 8. Nxd4
Nc6 9. Nd2 Bd7 10. c4 Qb6 11. Nxc6 bxc6 12. Bf3 Rfd8 13. Rc1 Be6 14. Qe2 d5 15.
e4 d4 16. e5 Nd7 17. c5 Qc7 18. Bxd4 Nxe5 19. Bxe5 Bxe5 20. Rfd1 Bxh2+ 21. Kh1
Bf4 22. g3 Bh6 23. Rb1 Bf5 24. Ne4 Qe5 25. Qc4 Rd5 26. Re1 Rd4 27. Qc3 Rxe4 28.
Qxe5 Rxe5 29. Rxe5 Bxb1 30. Bxc6 Rc8 31. Bd7 Rc7 32. c6 Kf8 33. Kh2 e6 34. a4
Bc2 35. Rb5 Be4 36. Rc5 Bd2 37. Rc4 Bd5 38. Rc2 Bb4 39. f4 h5 40. Kh3 a5 41.
Kh2 Bxb3 0-1

[Event "12. Open de la Constitución"]
[Site "S. Sebastian de los Reyes ESP"]
[Date "2010.12.01"]
[Round "2.10"]
[White "Galan Aguado, Fernando"]
[Black "Alvarez Abejon, Amilcar"]
[Result "1/2-1/2"]
[WhiteElo "1820"]
[BlackElo "2091"]
[PlyCount "43"]
[EventDate "2010.11.30"]
[EventType "swiss"]
[EventRounds "9"]
[EventCountry "ESP"]
[Source "lmi"]
[SourceDate "2010.11.30"]

1. d4 Nf6 2. Nf3 g6 3. Bf4 Bg7 4. e3 d6 5. h3 O-O 6. Be2 c5 7. c3 Qb6 8. Qb3
Be6 9. Qxb6 axb6 10. a3 Nc6 11. Nbd2 Na5 12. O-O Nb3 13. Nxb3 Bxb3 14. Nd2 Bd5
15. Nc4 Nd7 16. Nd2 e5 17. dxe5 dxe5 18. Bg3 e4 19. Rfd1 Bc6 20. Nxe4 Ne5 21.
Nd6 Rad8 22. Nc4 1/2-1/2

[Event "12. Open de la Constitución"]
[Site "S. Sebastian de los Reyes ESP"]
[Date "2010.12.01"]
[Round "2.16"]
[White "Nieto Esteban, Manuel"]
[Black "Benito Mellado, Humberto"]
[Result "1-0"]
[WhiteElo "1790"]
[BlackElo "1626"]
[PlyCount "61"]
[EventDate "2010.11.30"]
[EventType "swiss"]
[EventRounds "9"]
[EventCountry "ESP"]
[Source "lmi"]
[SourceDate "2010.11.30"]

1. c4 Nf6 2. Nf3 c5 3. Nc3 Nc6 4. d4 cxd4 5. Nxd4 g6 6. g3 Bg7 7. Bg2 Qb6 8.
Nb3 Ne5 9. c5 Qb4 10. Bd2 Qc4 11. Rc1 Qa6 12. O-O O-O 13. Bg5 e6 14. Bxf6 Bxf6
15. Ne4 Be7 16. a3 f5 17. Nd6 Bxd6 18. cxd6 Nf7 19. Nc5 Qxd6 20. Qc2 Qb6 21.
Nd3 d5 22. Qc7 Qxc7 23. Rxc7 b6 24. Rfc1 Re8 25. Nf4 a5 26. Nxd5 exd5 27. Bxd5
Be6 28. Bxa8 Rxa8 29. R7c6 Bd5 30. Rxb6 Rc8 31. Rxc8+ 1-0

[Event "12. Open de la Constitución"]
[Site "S. Sebastian de los Reyes ESP"]
[Date "2010.12.01"]
[Round "2.17"]
[White "Rodenas Riesco, Alfonso"]
[Black "Orellana Illescas, Julio"]
[Result "1/2-1/2"]
[WhiteElo "1605"]
[BlackElo "1787"]
[PlyCount "62"]
[EventDate "2010.11.30"]
[EventType "swiss"]
[EventRounds "9"]
[EventCountry "ESP"]
[Source "lmi"]
[SourceDate "2010.11.30"]

1. d4 Nf6 2. c4 e5 3. dxe5 Ne4 4. Nf3 Bb4+ 5. Nbd2 Nc6 6. a3 Nxd2 7. Nxd2 Bxd2+
8. Qxd2 Nxe5 9. e3 d6 10. Be2 Bf5 11. O-O Qd7 12. b3 O-O 13. Bb2 Rad8 14. Rfd1
Qe7 15. Qc3 f6 16. Rf1 Qf7 17. f3 Bd7 18. Qe1 Bc6 19. e4 Qe7 20. a4 Rde8 21.
Qc3 Ng6 22. Ba3 f5 23. Bd3 fxe4 24. Rae1 Qf6 25. Qxf6 Rxf6 26. Bxe4 Rfe6 27.
Bxc6 bxc6 28. Kf2 Nf4 29. Rxe6 Rxe6 30. Rd1 Re2+ 31. Kg3 g5 1/2-1/2

[Event "12. Open de la Constitución"]
[Site "S. Sebastian de los Reyes ESP"]
[Date "2010.12.01"]
[Round "2.18"]
[White "Martin Rodriguez, Jose L"]
[Black "Aragon Gutierrez, Alejandro"]
[Result "0-1"]
[WhiteElo "1502"]
[BlackElo "1745"]
[PlyCount "102"]
[EventDate "2010.11.30"]
[EventType "swiss"]
[EventRounds "9"]
[EventCountry "ESP"]
[Source "lmi"]
[SourceDate "2010.11.30"]

1. e4 e6 2. d4 d5 3. Nc3 Nf6 4. Bg5 Be7 5. e5 Nfd7 6. h4 a6 7. Qd3 c5 8. Bxe7
Qxe7 9. Nf3 Nc6 10. dxc5 Ndxe5 11. Nxe5 Nxe5 12. Qd4 Qf6 13. O-O-O Nd7 14. Qxf6
Nxf6 15. f3 Bd7 16. b4 O-O 17. Be2 Rfc8 18. Kb2 Nh5 19. Rhe1 Nf4 20. Bf1 Kf8
21. Ne2 Nxe2 22. Rxe2 Bb5 23. Re5 Bxf1 24. Rxf1 Rc6 25. f4 f6 26. Re2 Rac8 27.
Rfe1 Kf7 28. g4 b6 29. cxb6 Rxb6 30. Ka3 Rc4 31. f5 e5 32. Rc1 Rbxb4 33. c3
Ra4+ 34. Kb3 Rxg4 35. Rd2 Ra5 36. c4 dxc4+ 37. Kb2 Rd4 38. Rxd4 exd4 39. Rxc4
Rxf5 40. Rxd4 Re5 41. Rd7+ Kg6 42. Ra7 a5 43. Kb3 f5 44. Ka4 f4 45. Rb7 f3 46.
Rb1 f2 47. Rf1 Rf5 48. Kb3 Kh5 49. Kc2 Kxh4 50. Kd2 Kg3 51. Ke2 Kg2 0-1

[Event "12. Open de la Constitución"]
[Site "S. Sebastian de los Reyes ESP"]
[Date "2010.12.01"]
[Round "2.19"]
[White "Navarro Rodriguez, Jesus"]
[Black "Salgado Duarte, Pablo"]
[Result "1-0"]
[WhiteElo "1735"]
[BlackElo "1544"]
[PlyCount "77"]
[EventDate "2010.11.30"]
[EventType "swiss"]
[EventRounds "9"]
[EventCountry "ESP"]
[Source "lmi"]
[SourceDate "2010.11.30"]

1. e4 e5 2. Nf3 Nc6 3. Bc4 Nf6 4. O-O Be7 5. d3 O-O 6. c3 d5 7. exd5 Nxd5 8.
Re1 Bg4 9. h3 Bxf3 10. Qxf3 Nf6 11. b4 Nd7 12. Bd5 Ndb8 13. b5 Na5 14. Bxb7
Nxb7 15. Qxb7 Nd7 16. Qd5 Bd6 17. c4 Nf6 18. Qf3 Re8 19. Bg5 Re6 20. Bxf6 Rxf6
21. Qd5 Rb8 22. Re2 Qe7 23. Nc3 Rd8 24. Ne4 Re6 25. c5 c6 26. cxd6 cxd5 27.
dxe7 Rxe7 28. Ng3 g6 29. a4 Rc8 30. f4 Rc3 31. fxe5 Rxd3 32. Kf2 Rc7 33. Raa2
Rcc3 34. Nf1 d4 35. Red2 Rxd2+ 36. Nxd2 Rc5 37. Nf3 Rc4 38. Ke2 Rc5 39. Kd3 1-0

[Event "12. Open de la Constitución"]
[Site "S. Sebastian de los Reyes ESP"]
[Date "2010.12.01"]
[Round "2.21"]
[White "Al-Zarif, Bassam"]
[Black "Muñoz Blazquez, Jose"]
[Result "1-0"]
[WhiteElo "1712"]
[BlackElo "1449"]
[PlyCount "113"]
[EventDate "2010.11.30"]
[EventType "swiss"]
[EventRounds "9"]
[EventCountry "ESP"]
[Source "lmi"]
[SourceDate "2010.11.30"]

1. b3 e5 2. Bb2 Nc6 3. e3 Bc5 4. Bb5 d6 5. Ne2 Nf6 6. d4 Bb4+ 7. c3 Ba5 8. d5
a6 9. Bxc6+ bxc6 10. dxc6 O-O 11. O-O Be6 12. c4 Bb6 13. Nbc3 Ba7 14. Nd5 Bxd5
15. cxd5 Qe7 16. Ng3 Rfe8 17. Qd2 Bb6 18. Rad1 a5 19. a3 h6 20. Bc3 Nh7 21. Rb1
f6 22. Nf5 Qf8 23. e4 Ng5 24. Rfe1 Red8 25. h4 Nh7 26. Qe2 g6 27. Ng3 Qf7 28.
Bd2 Qg7 29. Qg4 Rf8 30. h5 g5 31. Nf5 Qh8 32. Ne7+ Kg7 33. Ng6 Qg8 34. Nxf8
Qxf8 35. Be3 Bd4 36. Bxd4 exd4 37. Qd7+ Qf7 38. Qxf7+ Kxf7 39. Red1 Rb8 40. g4
Re8 41. Rxd4 f5 42. exf5 Re5 43. b4 axb4 44. Rbxb4 Nf6 45. Rb5 Re7 46. f3 Re3
47. a4 Rxf3 48. a5 Ra3 49. Rdb4 Ke7 50. Kf2 Ne8 51. Re4+ Kf7 52. Ke2 Nf6 53.
Reb4 Ne8 54. Kd2 Kf8 55. Kc2 Kf7 56. Kb2 Re3 57. a6 1-0

[Event "12. Open de la Constitución"]
[Site "S. Sebastian de los Reyes ESP"]
[Date "2010.12.02"]
[Round "3.1"]
[White "Quevedo Marin, Manuel"]
[Black "Roa Alonso, Santiago"]
[Result "0-1"]
[WhiteElo "2183"]
[BlackElo "2440"]
[PlyCount "81"]
[EventDate "2010.11.30"]
[EventType "swiss"]
[EventRounds "9"]
[EventCountry "ESP"]
[Source "lmi"]
[SourceDate "2010.11.30"]

1. d4 Nf6 2. c4 e6 3. Nc3 Bb4 4. f3 c5 5. d5 b5 6. e4 bxc4 7. Bxc4 Nxd5 8. Bxd5
exd5 9. Qxd5 Nc6 10. Nge2 Ba6 11. a3 Bxc3+ 12. Nxc3 Qb6 13. Kf2 c4+ 14. Kg3 O-O
15. Na4 Qd8 16. Nc5 Bc8 17. Bf4 Qf6 18. Rab1 Nd4 19. Be3 d6 20. Bxd4 Qg6+ 21.
Kf2 dxc5 22. Bc3 Be6 23. Qxc5 f5 24. e5 f4 25. Rhc1 Rf5 26. Qc6 Raf8 27. Qe4
Qh6 28. Bb4 Rc8 29. b3 Qxh2 30. Rxc4 Rxc4 31. bxc4 Rg5 32. Rg1 Qg3+ 33. Ke2 h6
34. Bd2 Rf5 35. Be1 Qh2 36. Kf1 Rxe5 37. Qd4 Kh8 38. Bc3 Qg3 39. Qd8+ Kh7 40.
Qd3+ Bf5 41. Qd2 0-1

[Event "12. Open de la Constitución"]
[Site "S. Sebastian de los Reyes ESP"]
[Date "2010.12.02"]
[Round "3.2"]
[White "Hernando Pertierra, Jose Carlos"]
[Black "Barez Menendez, Hector"]
[Result "1-0"]
[WhiteElo "2394"]
[BlackElo "2168"]
[PlyCount "77"]
[EventDate "2010.11.30"]
[EventType "swiss"]
[EventRounds "9"]
[EventCountry "ESP"]
[Source "lmi"]
[SourceDate "2010.11.30"]

1. Nf3 d5 2. b3 e6 3. Bb2 Nf6 4. e3 Be7 5. d4 O-O 6. Bd3 b6 7. O-O Bb7 8. Qe2
c5 9. c4 Nc6 10. Nbd2 Rc8 11. Rac1 Re8 12. Rfd1 Bf8 13. Bb1 cxd4 14. exd4 g6
15. Qe3 Ng4 16. Qe2 Nf6 17. Ne5 Bh6 18. Nxc6 Bxc6 19. c5 Nh5 20. g3 Qg5 21. Qf3
Bd7 22. Qg2 Bb5 23. f4 Qf6 24. a4 Ba6 25. b4 bxc5 26. b5 Bb7 27. Nb3 c4 28. Nc5
Rb8 29. Nd7 Qe7 30. Nxb8 Rxb8 31. Bc3 a6 32. Bc2 axb5 33. axb5 Bc8 34. Ra1 Bd7
35. Ra7 Qe8 36. Re1 Ng7 37. Qh3 Nh5 38. g4 e5 39. f5 1-0

[Event "12. Open de la Constitución"]
[Site "S. Sebastian de los Reyes ESP"]
[Date "2010.12.02"]
[Round "3.3"]
[White "Cardenas Serrano, Sergio"]
[Black "Longa Yauca, Javier"]
[Result "0-1"]
[WhiteElo "2124"]
[BlackElo "2345"]
[PlyCount "70"]
[EventDate "2010.11.30"]
[EventType "swiss"]
[EventRounds "9"]
[EventCountry "ESP"]
[Source "lmi"]
[SourceDate "2010.11.30"]

1. d4 Nf6 2. c4 e6 3. Nc3 Bb4 4. Qc2 c5 5. e3 cxd4 6. exd4 d5 7. Nf3 Nc6 8. a3
Be7 9. c5 O-O 10. b4 Re8 11. Bd3 g6 12. O-O Nh5 13. Re1 Bf6 14. Bb5 Bd7 15.
Bxc6 Bxc6 16. Ne5 Bg7 17. b5 Bd7 18. a4 Bc8 19. g4 Nf6 20. Bg5 h6 21. Bh4 g5
22. Bg3 Ne4 23. Nxe4 dxe4 24. Rad1 f5 25. gxf5 exf5 26. Qc4+ Kh7 27. f4 Be6 28.
d5 Bg8 29. Rxe4 gxf4 30. Bxf4 Qh4 31. Rde1 Rad8 32. Bg3 Qxe4 33. Rxe4 Bxd5 34.
Qf1 Bxe4 35. Nf3 Rd3 0-1

[Event "12. Open de la Constitución"]
[Site "S. Sebastian de los Reyes ESP"]
[Date "2010.12.02"]
[Round "3.4"]
[White "Anton Veiga, Juan Carlos"]
[Black "Ortega Ruiz, Jose Miguel"]
[Result "1/2-1/2"]
[WhiteElo "2098"]
[BlackElo "2260"]
[PlyCount "66"]
[EventDate "2010.11.30"]
[EventType "swiss"]
[EventRounds "9"]
[EventCountry "ESP"]
[Source "lmi"]
[SourceDate "2010.11.30"]

1. e4 c5 2. Nf3 Nc6 3. d4 cxd4 4. Nxd4 Nf6 5. Nc3 e6 6. Ndb5 d6 7. Bf4 e5 8.
Bg5 a6 9. Na3 b5 10. Nd5 Be7 11. Bxf6 Bxf6 12. c3 Bg5 13. Bd3 Be6 14. O-O O-O
15. Nc2 f5 16. a4 bxa4 17. Rxa4 f4 18. f3 a5 19. Qe2 Bxd5 20. exd5 Ne7 21. Na3
g6 22. Ra1 Kg7 23. Be4 Qb6+ 24. Qf2 Nc8 25. Nc4 Qb5 26. Bd3 Bd8 27. Kh1 Nb6 28.
Rxa5 Rxa5 29. Rxa5 Qb3 30. Ra7+ Kh6 31. Nxb6 Qxb6 32. Qxb6 Bxb6 33. Ra1 Be3
1/2-1/2

[Event "12. Open de la Constitución"]
[Site "S. Sebastian de los Reyes ESP"]
[Date "2010.12.02"]
[Round "3.5"]
[White "Semprun Martinez, Fernando"]
[Black "Cavalle Pulla, Daniel"]
[Result "1-0"]
[WhiteElo "2216"]
[BlackElo "1897"]
[PlyCount "69"]
[EventDate "2010.11.30"]
[EventType "swiss"]
[EventRounds "9"]
[EventCountry "ESP"]
[Source "lmi"]
[SourceDate "2010.11.30"]

1. e4 e6 2. d4 d5 3. Nc3 Bb4 4. e5 c5 5. a3 Bxc3+ 6. bxc3 Qa5 7. Bd2 Qa4 8. Qg4
g6 9. Qd1 b6 10. dxc5 bxc5 11. c4 d4 12. Qf3 Nc6 13. Bd3 Rb8 14. Qf4 Ba6 15.
Nf3 Bxc4 16. Ng5 Nd8 17. O-O Bd5 18. Rfb1 Rxb1+ 19. Rxb1 c4 20. Rb8 Kd7 21.
Rxd8+ Kxd8 22. Nxf7+ Kd7 23. Qxd4 Ne7 24. Nxh8 Nc6 25. Qh4 Nxe5 26. Qxh7+ Kc6
27. Nxg6 Nxd3 28. Ne7+ Kc5 29. Be3+ Kd6 30. Nc8+ Kc6 31. Nxa7+ Kd6 32. Qh8 Qxc2
33. Nb5+ Kd7 34. Qg7+ Ke8 35. Nd6+ 1-0

[Event "12. Open de la Constitución"]
[Site "S. Sebastian de los Reyes ESP"]
[Date "2010.12.02"]
[Round "3.6"]
[White "Alvarez Abejon, Amilcar"]
[Black "Perez Cameselle, Francisco"]
[Result "1-0"]
[WhiteElo "2091"]
[BlackElo "1882"]
[PlyCount "37"]
[EventDate "2010.11.30"]
[EventType "swiss"]
[EventRounds "9"]
[EventCountry "ESP"]
[Source "lmi"]
[SourceDate "2010.11.30"]

1. e4 g6 2. d4 d6 3. Nc3 Bg7 4. Nf3 Nf6 5. Be2 O-O 6. O-O Nc6 7. d5 Nb8 8. Bf4
e5 9. dxe6 Bxe6 10. Qd2 Nc6 11. Rad1 a6 12. Bg5 Qc8 13. Bh6 Ng4 14. Bxg7 Kxg7
15. Nd4 Nxd4 16. Qxd4+ Kg8 17. Bxg4 Bxg4 18. Nd5 Bxd1 19. Ne7# 1-0

[Event "12. Open de la Constitución"]
[Site "S. Sebastian de los Reyes ESP"]
[Date "2010.12.02"]
[Round "3.7"]
[White "Aziz Ortego, Omar Luis"]
[Black "Galan Aguado, Fernando"]
[Result "1-0"]
[WhiteElo "2056"]
[BlackElo "1820"]
[PlyCount "195"]
[EventDate "2010.11.30"]
[EventType "swiss"]
[EventRounds "9"]
[EventCountry "ESP"]
[Source "lmi"]
[SourceDate "2010.11.30"]

1. e4 e6 2. d4 d5 3. Nc3 dxe4 4. Nxe4 Bd7 5. Nf3 Bc6 6. Bd3 Nd7 7. O-O Ngf6 8.
Ng3 Be7 9. Re1 Bxf3 10. Qxf3 c6 11. a4 O-O 12. c3 Qc7 13. Nf5 Bd8 14. Bf4 Qb6
15. Nd6 a5 16. Qh3 c5 17. Nc4 Qa7 18. Bd6 cxd4 19. cxd4 Qxd4 20. Rad1 Qa7 21.
Ne5 Nxe5 22. Rxe5 h6 23. g4 Nd7 24. Rh5 Nf6 25. Rxh6 gxh6 26. g5 hxg5 27. Rd2
Kg7 28. Be5 Rh8 29. Qg4 Kf8 30. Qf3 Kg7 31. Bb5 Be7 32. Rd7 Qc5 33. Bd4 Qb4 34.
Qe3 Kf8 35. Rxe7 Nd5 36. Qe5 f6 37. Qxe6 Qxe7 38. Qxd5 Rc8 39. Bd7 Rc1+ 40. Kg2
Qe1 41. Qd6+ Qe7 42. Qd5 Rh4 43. Be3 Rc7 44. Bf5 Kg7 45. Bb6 Rc6 46. Qxa5 Qd6
47. Be3 Qxh2+ 48. Kf1 Qc7 49. Qb5 Ra6 50. b3 Ra5 51. Qd3 Re5 52. Bd7 Re7 53.
Bb5 Qe5 54. Bc4 Rh1+ 55. Ke2 Rh2 56. Kd1 Qa1+ 57. Ke2 Qb2+ 58. Kf1 Qa1+ 59. Ke2
Qb2+ 60. Kf1 Rxe3 61. Qxe3 Qa1+ 62. Ke2 Qb2+ 63. Kd3 Qe5 64. Qf3 Qd6+ 65. Kc3
Qb6 66. Qd5 Rxf2 67. a5 Qe3+ 68. Kb4 Qd2+ 69. Kb5 Qxd5+ 70. Bxd5 Rf5 71. Kc4 g4
72. Bxb7 Rxa5 73. b4 Ra2 74. Kb3 Rf2 75. b5 Kf8 76. b6 Rf1 77. Be4 Re1 78. b7
Rxe4 79. b8=Q+ Kf7 80. Kc2 Re5 81. Kd3 Kg6 82. Kd4 Kg5 83. Qh8 Kf5 84. Qh6 Re4+
85. Kd3 Re5 86. Qg7 Re8 87. Qh6 Re5 88. Qh5+ Kf4 89. Qg6 Rf5 90. Kd4 g3 91. Qh7
g2 92. Qh4+ Kf3 93. Qh3+ Kf4 94. Qxg2 Re5 95. Qg6 Re6 96. Qh6+ Kg4 97. Qg7+ Kf5
98. Qd7 1-0

[Event "12. Open de la Constitución"]
[Site "S. Sebastian de los Reyes ESP"]
[Date "2010.12.02"]
[Round "3.8"]
[White "Esquivias Gomez, Fco. Javier"]
[Black "Sebastian Enesco, Alex"]
[Result "1-0"]
[WhiteElo "2015"]
[BlackElo "1814"]
[PlyCount "105"]
[EventDate "2010.11.30"]
[EventType "swiss"]
[EventRounds "9"]
[EventCountry "ESP"]
[Source "lmi"]
[SourceDate "2010.11.30"]

1. c4 d5 2. cxd5 Qxd5 3. Nc3 Qa5 4. g3 Bd7 5. Bg2 Bc6 6. Nf3 Nd7 7. O-O Ngf6 8.
d4 e6 9. Bf4 Bd6 10. Bxd6 cxd6 11. a3 O-O 12. b4 Qh5 13. Qb3 Bd5 14. Nxd5 Qxd5
15. Qb2 Qh5 16. Rfc1 Rac8 17. Rxc8 Rxc8 18. Rc1 Rxc1+ 19. Qxc1 Qb5 20. Qc8+ Nf8
21. Qc2 h6 22. e3 Qc6 23. Qxc6 bxc6 24. Nd2 d5 25. Nb3 N8d7 26. Na5 Nb8 27. Bf3
Kf8 28. Bd1 Ke7 29. f3 Nfd7 30. Kf2 Nb6 31. e4 dxe4 32. fxe4 f6 33. Ke3 Kd7 34.
Kd3 Na6 35. Nc4 Nc8 36. e5 Nc7 37. Na5 Nb6 38. Nb7 Nb5 39. Nc5+ Ke7 40. Bb3 Nc7
41. Bc4 h5 42. Ba6 Nd7 43. Nxd7 Kxd7 44. Bc4 Nd5 45. h4 g5 46. Bxd5 exd5 47.
exf6 gxh4 48. f7 Ke7 49. f8=Q+ Kxf8 50. gxh4 Ke7 51. Ke3 Ke6 52. Kf4 Kf6 53. a4
1-0

[Event "12. Open de la Constitución"]
[Site "S. Sebastian de los Reyes ESP"]
[Date "2010.12.02"]
[Round "3.10"]
[White "Garcia Martinez, Jorge"]
[Black "Quintero Torres, Pedro"]
[Result "1/2-1/2"]
[WhiteElo "1752"]
[BlackElo "1971"]
[PlyCount "61"]
[EventDate "2010.11.30"]
[EventType "swiss"]
[EventRounds "9"]
[EventCountry "ESP"]
[Source "lmi"]
[SourceDate "2010.11.30"]

1. e4 c5 2. Nf3 e6 3. b3 Nc6 4. Bb5 Nge7 5. O-O a6 6. Bxc6 Nxc6 7. Bb2 d6 8. d4
cxd4 9. Nxd4 e5 10. Ne2 Be7 11. Nbc3 O-O 12. Nd5 Be6 13. Nec3 Rc8 14. Nxe7+
Qxe7 15. Nd5 Bxd5 16. exd5 Nd4 17. c4 Nf5 18. Qe2 Qg5 19. Qf3 Rfe8 20. Rfe1 Nd4
21. Bxd4 exd4 22. Qd3 Qf6 23. Rad1 Re5 24. Re4 Rce8 25. Rde1 Rxe4 26. Rxe4 Rxe4
27. Qxe4 g6 28. f3 d3 29. Qxd3 Qa1+ 30. Kf2 Qxa2+ 31. Kg3 1/2-1/2

[Event "12. Open de la Constitución"]
[Site "S. Sebastian de los Reyes ESP"]
[Date "2010.12.02"]
[Round "3.11"]
[White "Castejon Caballero, Andres"]
[Black "De La Orden Alcocer, Alejandro"]
[Result "1/2-1/2"]
[WhiteElo "2088"]
[BlackElo "1812"]
[PlyCount "107"]
[EventDate "2010.11.30"]
[EventType "swiss"]
[EventRounds "9"]
[EventCountry "ESP"]
[Source "lmi"]
[SourceDate "2010.11.30"]

1. e4 Nf6 2. d3 d6 3. f4 g6 4. Nf3 Bg7 5. c4 c5 6. Nc3 Nc6 7. h3 a6 8. Be3 Nd7
9. Qd2 Rb8 10. a4 Nd4 11. Bxd4 cxd4 12. Ne2 Nc5 13. Ra3 Bd7 14. a5 f5 15. exf5
gxf5 16. Nexd4 e5 17. fxe5 dxe5 18. Nc2 e4 19. b4 Ne6 20. dxe4 fxe4 21. Nfd4
Qh4+ 22. g3 Qf6 23. Nxe6 Bxe6 24. Ne3 O-O 25. Bg2 Qg6 26. Nd5 Kh8 27. Nf4 Rxf4
28. Qxf4 Rf8 29. Qxe4 Bf5 30. Qd5 Qe8+ 31. Kd1 Qg6 32. Rf1 Bc2+ 33. Kc1 Re8 34.
Raf3 Bb1 35. Qd2 Bh6 36. Rf4 Bd3 37. Qc3+ Qg7 38. Kb2 Re2+ 39. Kb3 Bc2+ 40.
Qxc2 Rxc2 41. Rf8+ Qxf8 42. Rxf8+ Bxf8 43. Kxc2 Bxb4 44. Bxb7 Bxa5 45. Bxa6 Kg7
46. Kd3 Kf6 47. Ke4 Bc7 48. g4 Ke6 49. Bc8+ Kf6 50. h4 h6 51. Kd5 Bg3 52. Bd7
Bxh4 53. Be8 Ke7 54. Bg6 1/2-1/2

[Event "12. Open de la Constitución"]
[Site "S. Sebastian de los Reyes ESP"]
[Date "2010.12.02"]
[Round "3.12"]
[White "Castejon Caballero, Natalia"]
[Black "Nieto Esteban, Manuel"]
[Result "1/2-1/2"]
[WhiteElo "2079"]
[BlackElo "1790"]
[PlyCount "97"]
[EventDate "2010.11.30"]
[EventType "swiss"]
[EventRounds "9"]
[EventCountry "ESP"]
[Source "lmi"]
[SourceDate "2010.11.30"]

1. e4 e5 2. Bc4 Nf6 3. d3 Bc5 4. Nf3 Nc6 5. c3 O-O 6. Bb3 d5 7. Qe2 dxe4 8.
dxe4 Qe7 9. O-O Be6 10. Bc2 Rad8 11. b4 Bd6 12. Bg5 Nb8 13. Nbd2 c6 14. Rfd1
Bc7 15. Bb3 Bxb3 16. Nxb3 Nbd7 17. Nh4 Rfe8 18. Qf3 Qe6 19. Nf5 g6 20. Ne3 Bd6
21. Rd2 b6 22. Rad1 Be7 23. Bh6 Nf8 24. Rxd8 Rxd8 25. Rxd8 Bxd8 26. Qd1 Qd7 27.
Qxd7 N6xd7 28. Nc4 Be7 29. Be3 Ne6 30. Kf1 Kf8 31. a4 b5 32. axb5 cxb5 33. Nca5
a6 34. Nc6 Bd6 35. Nba5 Nb8 36. Ba7 Nxc6 37. Nxc6 Ke8 38. Nb8 Bxb8 39. Bxb8 f6
40. g3 Ke7 41. Ke2 Nd8 42. Ba7 Nb7 43. Kd3 Nd6 44. f4 Ke6 45. Bb8 Nc4 46. Ba7
h5 47. Bc5 Kd7 48. Ba7 Ke6 49. Bc5 1/2-1/2

[Event "12. Open de la Constitución"]
[Site "S. Sebastian de los Reyes ESP"]
[Date "2010.12.02"]
[Round "3.13"]
[White "Molina Garcia, Francisco J"]
[Black "Rodrigo Yanguas, Maria"]
[Result "0-1"]
[WhiteElo "1851"]
[BlackElo "2070"]
[PlyCount "58"]
[EventDate "2010.11.30"]
[EventType "swiss"]
[EventRounds "9"]
[EventCountry "ESP"]
[Source "lmi"]
[SourceDate "2010.11.30"]

1. e4 e6 2. d3 d5 3. Nd2 Nf6 4. g3 Bc5 5. Bg2 O-O 6. Ngf3 dxe4 7. dxe4 Nc6 8.
O-O e5 9. c3 Qd3 10. Ne1 Qd6 11. Qc2 Be6 12. Nef3 h6 13. b4 Bb6 14. a3 Rad8 15.
c4 Nd4 16. Nxd4 Bxd4 17. c5 Qc6 18. Rb1 b6 19. Nf3 bxc5 20. Nxd4 Rxd4 21. Be3
Rc4 22. Qb2 cxb4 23. axb4 Ng4 24. Bc5 Rb8 25. Qd2 a5 26. Rfd1 axb4 27. Bxb4 Rd4
28. Rdc1 Qa4 29. Ra1 Qxb4 0-1

[Event "12. Open de la Constitución"]
[Site "S. Sebastian de los Reyes ESP"]
[Date "2010.12.02"]
[Round "3.14"]
[White "Alvarez Gonzalez, Eduardo"]
[Black "Martinez Miura, Enrique"]
[Result "1-0"]
[WhiteElo "1885"]
[BlackElo "1733"]
[PlyCount "77"]
[EventDate "2010.11.30"]
[EventType "swiss"]
[EventRounds "9"]
[EventCountry "ESP"]
[Source "lmi"]
[SourceDate "2010.11.30"]

1. d4 e6 2. c4 d5 3. Nc3 Nf6 4. Bg5 Be7 5. Nf3 O-O 6. e3 c6 7. Rc1 h6 8. Bh4
Nbd7 9. Bd3 dxc4 10. Bxc4 b5 11. Bd3 Bb7 12. O-O a6 13. Ne4 Rc8 14. Nc5 Nxc5
15. dxc5 Nh5 16. Bxe7 Qxe7 17. Nd4 Nf6 18. Qf3 Rfd8 19. Bb1 a5 20. Rc2 Rd5 21.
Rfc1 b4 22. a3 Nd7 23. axb4 axb4 24. Nb3 Ba6 25. Qf4 Rb8 26. Na5 Bb5 27. Qxb4
Qd8 28. Qa3 Nxc5 29. h3 Rd1+ 30. Kh2 Rxc1 31. Rxc1 Qc7+ 32. Kg1 Na4 33. b4 c5
34. Bc2 cxb4 35. Qxb4 Bd7 36. Qd2 Rc8 37. Bh7+ Kxh7 38. Rxc7 Rxc7 39. Qd6 1-0

[Event "12. Open de la Constitución"]
[Site "S. Sebastian de los Reyes ESP"]
[Date "2010.12.02"]
[Round "3.15"]
[White "Camarero Izquierdo, Juan Carlos"]
[Black "Al-Zarif, Bassam"]
[Result "1-0"]
[WhiteElo "1876"]
[BlackElo "1712"]
[PlyCount "80"]
[EventDate "2010.11.30"]
[EventType "swiss"]
[EventRounds "9"]
[EventCountry "ESP"]
[Source "lmi"]
[SourceDate "2010.11.30"]

1. e4 d5 2. e5 c5 3. Nf3 Nc6 4. Bb5 Bf5 5. O-O e6 6. c4 a6 7. Bxc6+ bxc6 8. Nc3
Bd3 9. Re1 dxc4 10. Qa4 Ne7 11. Ne4 Bxe4 12. Rxe4 Qb6 13. Qxc4 Nd5 14. Rg4 h6
15. h4 Rb8 16. a3 Qb5 17. Qc2 g6 18. d4 c4 19. Nd2 c3 20. bxc3 Qe2 21. Rg3 Be7
22. h5 Qxh5 23. Ne4 g5 24. c4 Nf4 25. Bxf4 gxf4 26. Rf3 Rg8 27. Rxf4 Rd8 28.
Rd1 c5 29. Nf6+ Bxf6 30. exf6 Qg5 31. Qe4 Kf8 32. d5 e5 33. Rf5 Qg6 34. g3 Qg4
35. Re1 Qxe4 36. Rxe4 Rd6 37. Rexe5 Rg6 38. Re7 Rgxf6 39. Rxf6 Kxe7 40. Rxd6
Kxd6 1-0

[Event "12. Open de la Constitución"]
[Site "S. Sebastian de los Reyes ESP"]
[Date "2010.12.02"]
[Round "3.16"]
[White "Corisco Beltran, Rafael"]
[Black "Garcia Lopez, Fernando"]
[Result "1-0"]
[WhiteElo "1865"]
[BlackElo "1691"]
[PlyCount "117"]
[EventDate "2010.11.30"]
[EventType "swiss"]
[EventRounds "9"]
[EventCountry "ESP"]
[Source "lmi"]
[SourceDate "2010.11.30"]

1. e4 e5 2. Nf3 Nc6 3. Bb5 a6 4. Ba4 Nf6 5. O-O Be7 6. Re1 b5 7. Bb3 O-O 8. h3
d6 9. c3 Bb7 10. d4 Re8 11. Nbd2 Bf8 12. a4 exd4 13. cxd4 Na5 14. Bc2 Nc4 15.
Nxc4 bxc4 16. Bg5 h6 17. Bxf6 Qxf6 18. Ra3 d5 19. e5 Qb6 20. Rae3 Bc8 21. b3
Bb4 22. R1e2 c3 23. Qd3 g6 24. Nh4 a5 25. e6 Rxe6 26. Rxe6 Bxe6 27. Nxg6 Bf5
28. Ne7+ Bxe7 29. Qxf5 Bf6 30. Re7 Kf8 31. Rxf7+ Kxf7 32. Qxd5+ Qe6 33. Bg6+
Ke7 34. Qxa8 Bxd4 35. Qe8+ Kd6 36. Qf8+ Qe7 37. Qf4+ Be5 38. Qxh6 Qf6 39. Qh5
Qf4 40. Qd1+ Ke7 41. g3 Qg5 42. Qg4 Qxg4 43. hxg4 Kf6 44. Bc2 c5 45. f4 Bd4+
46. Kg2 Ke6 47. Kf3 Kf6 48. g5+ Kf7 49. g4 Kg7 50. Ke4 Bf2 51. f5 Bd4 52. f6+
Kf7 53. Kf5 Be3 54. g6+ Kg8 55. g7 Bh6 56. Kg6 Bxg7 57. fxg7 c4 58. Be4 c2 59.
Bd5# 1-0